| 000 | 00664nam a22002057a 4500 | ||
|---|---|---|---|
| 005 | 20200104041632.0 | ||
| 008 | 150109b2010 ck || |r|||| 00| 0 spa d | ||
| 040 |
_aCO-BoIAVH _cCO-BoIAVH |
||
| 041 | _aspa | ||
| 044 | _ack | ||
| 090 |
_aEA _b00242 |
||
| 245 | _aColorear, Escribir y Leer con Alegría Ambiental | ||
| 260 |
_aCasanare : _bCORPORINOQUIA, _bGobernación de Casanare, _c2010. |
||
| 300 |
_a44 pag _bIl, fot (col) _c28 cm _eCD-Room |
||
| 650 | 6 |
_aEducación ambiental _xEnseñanza Primaria _931266 |
|
| 650 | 4 |
_aProtección del medio ambiente _9271 |
|
| 650 | 4 |
_aCultura ambiental _931268 |
|
| 650 | 6 |
_aPlanificación educativa _931269 |
|
| 942 |
_2z _cLIBRO |
||
| 999 |
_c8947 _d8947 |
||